The agile start-up : Quick and dirty lessons every entrepreneur should know
An inspiring and impactful compilation of the most important lessons of entrepreneurship.
محفوظ في:
| المؤلف الرئيسي: | |
|---|---|
| التنسيق: | كتاب |
| اللغة: | Undetermined |
| منشور في: |
Hoboken, New Jersey
Wiley
2013
|
| الموضوعات: | |
| الوسوم: |
إضافة وسم
لا توجد وسوم, كن أول من يضع وسما على هذه التسجيلة!
|
| Thư viện lưu trữ: | Trung tâm Học liệu Trường Đại học Cần Thơ |
|---|
| LEADER | 00694nam a2200205Ia 4500 | ||
|---|---|---|---|
| 001 | CTU_228056 | ||
| 008 | 210402s9999 xx 000 0 und d | ||
| 082 | |a 658.11 | ||
| 082 | |b S319 | ||
| 100 | |a Scheinrock, Jeff | ||
| 245 | 4 | |a The agile start-up : | |
| 245 | 0 | |b Quick and dirty lessons every entrepreneur should know | |
| 245 | 0 | |c Jeff Scheinrock, Matt Richter-Sand | |
| 260 | |a Hoboken, New Jersey | ||
| 260 | |b Wiley | ||
| 260 | |c 2013 | ||
| 520 | |a An inspiring and impactful compilation of the most important lessons of entrepreneurship. | ||
| 650 | |a Doanh nghiệp mới,New business enterprises | ||
| 910 | |b nthai | ||
| 980 | |a Trung tâm Học liệu Trường Đại học Cần Thơ | ||